| 000 | 00398nam a22001457a 4500 | ||
|---|---|---|---|
| 005 | 20251219130114.0 | ||
| 008 | 251219b |||||||| |||| 00| 0 eng d | ||
| 050 | _aRT 41 .N87 2009 | ||
| 100 | _aNursing Council of Kenya | ||
| 245 | _aMANUAL OF CLINICAL PROCEDURES | ||
| 250 | _aThird Edition | ||
| 260 |
_aKenya _bNursing Council of Kenya _c2009 |
||
| 300 | _axv., 396 pages | ||
| 942 |
_2lcc _cBK |
||
| 999 |
_c216373 _d216373 |
||